000 00485nam a2200181Ia 4500
005 20250508152040.0
008 008 250505s9999 xx 000 0 eng d
037 _aTextual
040 _aFEDL
_beng
_cFEDL
041 _aeng
_2eng
084 _a900, DON
_qFEDL
100 _aDoncaster Islay
_9760635
245 0 _aFinding the history around us
260 _aOxford
_bBasil Blackwell
300 _aviii,216p.
942 _cTEXL
_h900, DON
999 _c1333916
_d1333916